Dialectic of salvation : Issues in Theology of Liberation (Record no. 22825)

MARC details
000 -LEADER
fixed length control field 00430cam a2200157 a 4500
020 ## - INTERNATIONAL STANDARD BOOK NUMBER
ISBN 0887069088
020 ## - INTERNATIONAL STANDARD BOOK NUMBER
ISBN 0887069096 (pbk.)
082 00 - DEWEY DECIMAL CLASSIFICATION NUMBER
Classification number 261.8
Author Cutter MIN
100 1# - MAIN ENTRY--AUTHOR NAME
Author name Min, Anselm Kyongsuk,
245 10 - TITLE STATEMENT
Title Dialectic of salvation : Issues in Theology of Liberation
260 ## - PUBLICATION, DISTRIBUTION, ETC. (IMPRINT)
Place of publication Albany :
Name of publisher State University of New York Press,
Year of publication c1989.
300 ## - PHYSICAL DESCRIPTION
Number of Pages x, 207 p. ;
650 #0 - SUBJECT ADDED ENTRY--TOPICAL TERM
Topical Term Liberation theology.
942 ## - ADDED ENTRY ELEMENTS (KOHA)
Koha item type Books
Holdings
Home library Current library Shelving location Date acquired Source of acquisition Full call number Accession Number Koha item type
Henry Martyn Institute Library Henry Martyn Institute Library General stacks 01/23/2020 Lutheran School of Theology , Chicago 261.8 MIN 11004147 Books
                   Copyright © 2026 | Henry Martyn Institute | Hyderabad | TS-500052 | INDIA | Implemented by hmi.edu.in
Hit-Count:

Powered by Koha